Name The NFL Player - 2020 - Statistics

General Stats
  • This quiz has been taken 45 times
  • The average score is 17 of 30
Answer Stats
Hint Answer % Correct
This Player Rushed For 6 Touchdowns In One Game Alvin Kamara
97%
This player caught a game-winning hail marry DeAndre Hopkins
81%
This AFC Quarterback made there first Pro-Bowl Josh Allen
78%
This player became the fastest player to 100 touchdowns, in only 40 games Patrick Mahomes
76%
This player passed for nearly 350 Yards In The First Half Tom Brady
76%
This Player had over 200 receiving yards in 1 quarter Tyreek Hill
76%
This Dolphins player snagged at least 8 picks Xavien Howard
76%
This quarterback led his team to an 11-0 start Ben Roethlisberger
73%
This AFC East player set there franchises record for receiving yards in a season Stephon Diggs
73%
This Cowboy fumbled more than 5 times Ezekiel Elliott
70%
This player broke the rookie record for touchdown passes Justin Herbert
70%
This quarterback broke off a huge run against a divison rival, but tripped before he could get to the endzone Daniel Jones
68%
This player became the first ever to beat the same team on six different teams Ryan Fitzpatrick
68%
This undrafted free agent rushed for over 1000 yards James Robinson
65%
This defensive veteran lead a lockeroom revolt, leading to his coaches firing JJ Watt
65%
This rookie receiver went for over 1000 yards Justin Jefferson
65%
This Buccaneers player caught two passes for two yards and two touchdowns Mike Evans
65%
This player got benched for a rookie quarterback in the last month of the season Carson Wentz
62%
This player is second in passing yards this season, but has a sub 500 record Deshaun Watson
54%
This player set the single season record for most sacks by a defensive back Jamal Adams
51%
This starting quarterback passed for less than 5 touchdowns Cam Newton
46%
This player relapsed and was not reinstated Josh Gordon
46%
This rookie defensive player made the Pro-Bowl Chase Young
43%
This former number one pick made there first Pro-Bowl Kyler Murray
43%
This free agent signing by an AFC South team was very dissapointing, with 0 sacks before he was hurt Jadeveon Clowney
41%
This backup passed for more than 375 yards against a division rival, keeping his teams playoff hopes alive Andy Dalton
38%
This former 5th overall pick caught a 75 yard touchdown Corey Daviis
24%
This player had back to back forced fumbles returned to the house Jeremy Chinn
24%
This linebacker had 9+ sacks, leading his team to the playoffs after a 13 year drought Jason Pierre-Paul
19%
This player had a season-high 5 sacks in one game Haason Reddick
16%
No matching quizzes found
Score Distribution
Percent of People with Each Score
Percentile by Number Answered
Your Score History
You have not taken this quiz